Poland A-Z - Statistics

General Stats
  • This quiz has been taken 38 times
    30 since last reset
  • The average score is 12 of 26
Answer Stats
Hint Answer % Correct
The Free City of the Interwar period. Danzig
85%
This person discovered Radium. Marie Curie
81%
When you take away one letter from "Random", you get this Polish City Radom
81%
The Capital of Poland. Warsaw
77%
In Polish, this letter is substituted by "ks". X
77%
The famous concentration camp built by the Nazis. Auschwitz
62%
The first Polish Capital. Gniezno
62%
The surname of the Polish proponent of Heliocentrism. Copernicus
58%
One of the letters that does not exist in the Polish alphabet and is not X. Q
58%
Poland in the native language. Polska
54%
The nation which started WW2 in Polish. Niemcy
50%
The Polish title for leader while it was a monarchy. Krol
46%
The capital of this region is Katowice. Silesia
46%
In Polish, the sound that this letter makes can be made by this letter and another. U
46%
This letter is used in every other slavic alphabet except for Polish. V
46%
The name of Poland's national TV station. TVP
42%
The largest European Theme Park, it is located in Poland! Energylandia
38%
This letter is hated by many students for having confusing grammatical rules. H
38%
The first name of the famous author who wrote poems and "fraszki". Jan
38%
The name of the "Brave" Polish King. Boleslaw
35%
This letter is usually at the end of words in the Polish language. Y
35%
Where the largest European Theme Park is located. Zator
31%
The first name of the famous Polish female tennis player. Iga
27%
The temporary Polish Capital. Lublin
12%
This name has French roots and is common in Poland. Filip
8%
The first name of a famous Polish architect. Oskar
4%
No matching quizzes found
Score Distribution
Percent of People with Each Score
Percentile by Number Answered
Your Score History
You have not taken this quiz since the last reset